Somme théologique
Bewaard in:
| Hoofdauteur: | |
|---|---|
| Formaat: | Boek |
| Taal: | Frans |
| Gepubliceerd in: |
París
Desclée
1962
|
| Editie: | 3a. ed |
| Reeks: | Editions du Cerf
|
| Onderwerpen: | |
| Tags: |
Voeg label toe
Geen labels, Wees de eerste die dit record labelt!
|
MARC
| LEADER | 00000nam a2200000 a 4500 | ||
|---|---|---|---|
| 001 | UCZ3240 | ||
| 003 | CL-VaPUC | ||
| 008 | 951020e19620000FR |||||||||||||||||fre|d | ||
| 082 | 0 | 4 | |a 189.4 |b TOM |2 21 |
| 100 | |a Tomás de Aquino |d 1220-1274 |c Santo |e author |9 255832 | ||
| 245 | 1 | 0 | |a Somme théologique |
| 250 | |a 3a. ed | ||
| 300 | |a 466 p | ||
| 942 | |c BK | ||
| 945 | |d 19951020 00:00:00 |a cmena | ||
| 260 | |a París |b Desclée |c 1962 | ||
| 500 | |a v.1 qu.33-43: La Trinité | ||
| 500 | |a v.1 p.2 qu.1-5: La fin dernière. La béatitude | ||
| 600 | 0 | |a Dios |9 314467 | |
| 650 | 0 | |a Escolasticismo |9 264998 | |
| 650 | 0 | |a Teología |9 258766 | |
| 650 | 7 | |a DOCTRINAS RELIGIOSAS |2 CL-VaPUC |9 337177 | |
| 650 | 0 | |a Experiencia religiosa |9 315549 | |
| 650 | 0 | |a Cognición |9 270347 | |
| 650 | 0 | |a Tomismo |9 259214 | |
| 583 | |a last modification |c 19951020 00:00:00 |k Rodrigo Vera | ||
| 490 | 0 | |a Editions du Cerf | |
| 999 | |c 239731 |d 239729 | ||
| 952 | |0 0 |1 0 |4 0 |6 189_400000000000000_TOM_1962 |7 0 |8 P |9 251099 |a BIBEDU |b BIBEDU |c BIBEDU_PB |d 2019-11-18 |h v.1 qu.33-43 |i 1584421 |o 189.4 TOM 1962 |p 1584421 |r 2024-01-25 |w 2019-11-18 |y BK |k FIL | ||
| 952 | |0 0 |1 0 |4 0 |6 189_400000000000000_TOM_1962 |7 0 |8 P |9 251100 |a BIBEDU |b BIBEDU |c BIBEDU_PB |d 2019-11-18 |h v.1 p.2 qu.1-5 |i 1584529 |o 189.4 TOM 1962 |p 1584529 |r 2024-01-25 |w 2019-11-18 |y BK |k FIL | ||